Digital Marketing Fundamentals :OMCP's Official Guide to OMCA Certification (Record no. 43593)
[ view plain ]
| 000 -LEADER | |
|---|---|
| fixed length control field | 02094cam a22003978i 4500 |
| 001 - CONTROL NUMBER | |
| control field | 22852333 |
| 005 - DATE AND TIME OF LATEST TRANSACTION | |
| control field | 20250417094314.0 |
| 008 - FIXED-LENGTH DATA ELEMENTS--GENERAL INFORMATION | |
| fixed length control field | 221104s2023 nju 001 0 eng |
| 010 ## - LIBRARY OF CONGRESS CONTROL NUMBER | |
| LC control number | 2022053833 |
| 020 ## - INTERNATIONAL STANDARD BOOK NUMBER | |
| International Standard Book Number | 9781119894575 |
| 020 ## - INTERNATIONAL STANDARD BOOK NUMBER | |
| Canceled/invalid ISBN | 9781119894612 |
| 020 ## - INTERNATIONAL STANDARD BOOK NUMBER | |
| Canceled/invalid ISBN | 9781119894605 |
| 041 ## - LANGUAGE CODE | |
| Language code of text/sound track or separate title | eng |
| 042 ## - AUTHENTICATION CODE | |
| Authentication code | pcc |
| 082 00 - DEWEY DECIMAL CLASSIFICATION NUMBER | |
| Classification number | 658.872 JAR |
| 100 1# - MAIN ENTRY--PERSONAL NAME | |
| Author | Jarboe, Greg, |
| 245 10 - TITLE STATEMENT | |
| Title | Digital Marketing Fundamentals :OMCP's Official Guide to OMCA Certification |
| 250 ## - EDITION STATEMENT | |
| Edition statement | First Edition. |
| 260 ## - PUBLICATION, DISTRIBUTION, ETC. | |
| Place | Canada |
| Publisher | John Wiley & Sons Inc |
| Publication Year | 2023 |
| 300 ## - PHYSICAL DESCRIPTION | |
| Extent | 437;. pages 23 cm |
| 500 ## - GENERAL NOTE | |
| Keywords | Includes index. |
| 520 ## - SUMMARY, ETC. | |
| Summary, etc. | "Prepare for the OMCP certification exam and expand your digital marketing skillset Courses relying on the OMCP Digital Marketing Certification standards attract over 70,000 students at 900 universities around the world each year. This challenging curriculum requires strong command of content marketing, conversion rate optimization, and other digital marketing competencies in high market demand. In Digital Marketing Bootcamp: The All-In-One Guide to Mastering OMCP Certification Standards, veteran digital media and marketing expert Greg Jarboe delivers an essential and accessible roadmap to completing the highly sought-after OMCP Digital Marketing Certification. You'll explore topics like digital analytics, social media marketing, and search engine optimization with the help of industry-leading authors and members of the OMCP Standards Committee"-- |
| 650 #0 - SUBJECT ADDED ENTRY--TOPICAL TERM | |
| Subject | Internet marketing. |
| 650 #0 - SUBJECT ADDED ENTRY--TOPICAL TERM | |
| Subject | Marketing |
| 700 1# - ADDED ENTRY--PERSONAL NAME | |
| Co-Author | Bailey, Matt, |
| 700 1# - ADDED ENTRY--PERSONAL NAME | |
| Co-Author | Stebbins, Michael, |
| 942 ## - ADDED ENTRY ELEMENTS (KOHA) | |
| Koha item type | Books |
| 263 ## - PROJECTED PUBLICATION DATE | |
| Projected publication date | 2302 |
| 264 #1 - PRODUCTION, PUBLICATION, DISTRIBUTION, MANUFACTURE, AND COPYRIGHT NOTICE | |
| Place of production, publication, distribution, manufacture | Hoboken, NJ : |
| Name of producer, publisher, distributor, manufacturer | Wiley, |
| Date of production, publication, distribution, manufacture, or copyright notice | [2023] |
| 336 ## - CONTENT TYPE | |
| Content type term | text |
| Content type code | txt |
| Source | rdacontent |
| 337 ## - MEDIA TYPE | |
| Media type term | unmediated |
| Media type code | n |
| Source | rdamedia |
| 338 ## - CARRIER TYPE | |
| Carrier type term | volume |
| Carrier type code | nc |
| Source | rdacarrier |
| 776 08 - ADDITIONAL PHYSICAL FORM ENTRY | |
| Relationship information | Online version: |
| Main entry heading | Jarboe, Greg. |
| Title | Digital marketing fundamentals |
| Edition | First edition. |
| Place, publisher, and date of publication | Hoboken, NJ : Wiley, [2023] |
| International Standard Book Number | 9781119894612 |
| Record control number | (DLC) 2022053834 |
| 906 ## - LOCAL DATA ELEMENT F, LDF (RLIN) | |
| a | 7 |
| b | cbc |
| c | orignew |
| d | 1 |
| e | ecip |
| f | 20 |
| g | y-gencatlg |
| Withdrawn status | Lost status | Source of classification or shelving scheme | Damaged status | Not for loan | Home library | Current library | Shelving location | Accession Date | Vendor | Price | Bill number | Total Checkouts | Full call number | Barcode No | Date last seen | Date last checked out | Discount | Bill Date | Koha item type | Suggested By |
|---|---|---|---|---|---|---|---|---|---|---|---|---|---|---|---|---|---|---|---|---|
| Dewey Decimal Classification | IMTN | IMTN | Rack 36-B | 03/28/2025 | Raghav Book Private Limited | 4032.02 | 2374 | 1 | 658.872 JAR | 33880 | 07/16/2025 | 07/04/2025 | 33 | 02/14/2025 | Books | Mr. Shridhar Rao (IT) |